Prof. Dr. Yılmaz Önge Armağanı/ (Record no. 72991)
| 000 -BAŞLIK | |
|---|---|
| Sabit Uzunluktaki Kontrol Alanı | 01417nam a22004097a 4500 |
| 001 - KONTROL NUMARASI | |
| Control Dosyası | 0072237 |
| 003 - KONTROL NUMARASI KİMLİĞİ | |
| Kontrol Alanı | KOHA_MİRAKIL |
| 005 - EN SON İŞLEM TARİHİ ve ZAMANI | |
| Kontrol Alanı | 20260207005046.0 |
| 007 - FİZİKSEL TANIM SABİT ALAN - GENEL BİLGİ | |
| Sabit uzunluklu kontrol alanı | ta |
| 008 - SABİT UZUNLUKTAKİ VERİ ÖGELERİ - GENEL BİLGİ | |
| Sabit Alan | 241017b1993 tu |||gr||||#0|||0|tur | |
| 020 ## - ISBN - ULUSLARARASI STANDART KİTAP NUMARASI | |
| Isbn | 9754480761 |
| 040 ## - KATALOGLAMA KAYNAĞI | |
| Özgün Kataloglama Kurumu | TR-BiSEU |
| Kataloglama Dili | tur |
| Çeviri Kurumu | TR-BiSEU |
| Açıklama Kuralları | rda |
| 041 0# - DİL KODU | |
| Metin ya da ses kaydının dil kodu | tur |
| 044 ## - YAYINLAYAN/ÜRETEN KURULUŞUN ÜLKE KODU | |
| ISO country code | tu |
| 050 ## - SINIFLAMA ve YER NUMARASI | |
| Sınıflama Numarası | N7163 |
| Yer Numarası | .Y55 1993 |
| 245 0# - ESER ADI BİLDİRİMİ | |
| Başlık | Prof. Dr. Yılmaz Önge Armağanı/ |
| Sorumluluk Bildirimi | Selçuk Üniversitesi. |
| 264 #1 - ÜRERİM, YAYIN, DAĞITIM ve TELİF BİLDİRİMİ | |
| Yayın yeri | Konya : |
| Yayınlayan | Selçuk Üniversitesi, Selçuklu Araştırma Merkezi |
| Yayın tarihi | 1993 |
| 300 ## - FİZİKSEL TANIMLAMA | |
| Sayfa, Cilt vb. | 368 sayfa: resimli, harita; 24 cm. |
| 336 ## - İÇERİK TÜRÜ | |
| Content type term | metin |
| Content type code | txt |
| Source | rdacontent |
| 337 ## - MEDYA TÜRÜ | |
| Media type term | aracısız |
| Media type code | n |
| Source | rdamedia |
| 338 ## - TAŞIYICI TÜRÜ | |
| Carrier type term | cilt |
| Carrier type code | nc |
| Source | rdacarrier |
| 490 1# - DİZİ BİLDİRİMİ | |
| Dizi Bildirimi | Selçuk Üniversitesi yayınları no ; |
| Cilt Numarası | 113. |
| 490 1# - DİZİ BİLDİRİMİ | |
| Dizi Bildirimi | Selçuklu Araştırmaları Merkezi yayınları no ; |
| Cilt Numarası | 10 |
| 500 ## - GENEL NOT | |
| Genel Not | Kaynakça bölüm sonlarındadır. |
| 650 #0 - KONU BAŞLIĞI EK GİRİŞ - KONU TERİMİ | |
| Konusal terim veya coğrafi ad | Tarih--Türkiye. |
| 9 (RLIN) | 10290 |
| 650 #0 - KONU BAŞLIĞI EK GİRİŞ - KONU TERİMİ | |
| Konusal terim veya coğrafi ad | İslam sanatı--Türkiye. |
| 9 (RLIN) | 125967 |
| 650 #0 - KONU BAŞLIĞI EK GİRİŞ - KONU TERİMİ | |
| Konusal terim veya coğrafi ad | Mimarlık--Türkiye. |
| 9 (RLIN) | 66836 |
| 650 #0 - KONU BAŞLIĞI EK GİRİŞ - KONU TERİMİ | |
| Konusal terim veya coğrafi ad | Selçuklu sanatı--Türkiye. |
| 9 (RLIN) | 143656 |
| 650 #0 - KONU BAŞLIĞI EK GİRİŞ - KONU TERİMİ | |
| Konusal terim veya coğrafi ad | History--Turkey. |
| 9 (RLIN) | 20994 |
| 650 #0 - KONU BAŞLIĞI EK GİRİŞ - KONU TERİMİ | |
| Konusal terim veya coğrafi ad | Islamic art--Turkey. |
| 9 (RLIN) | 74177 |
| 650 #0 - KONU BAŞLIĞI EK GİRİŞ - KONU TERİMİ | |
| Konusal terim veya coğrafi ad | Architecture--Turkey. |
| 9 (RLIN) | 2385 |
| 650 #0 - KONU BAŞLIĞI EK GİRİŞ - KONU TERİMİ | |
| Konusal terim veya coğrafi ad | Seljuk art--Turkey. |
| 9 (RLIN) | 143657 |
| 830 1# - SERİ EK GİRİŞİ - TEKBİÇİM ESER ADI | |
| Tekbiçim Başlık | Selçuk Üniversitesi yayınları no ; |
| Volume number/sequential designation | 113. |
| 9 (RLIN) | 30689 |
| 830 1# - SERİ EK GİRİŞİ - TEKBİÇİM ESER ADI | |
| Tekbiçim Başlık | Selçuklu Araştırmaları Merkezi yayınları no ; |
| Volume number/sequential designation | 10 |
| 9 (RLIN) | 143658 |
| 907 ## - LOCAL DATA ELEMENT G, LDG (RLIN) | |
| a | Güzel Sanatlar |
| 942 ## - EK GİRİŞ ÖGELERİ (KOHA) | |
| Source of classification or shelving scheme | Library of Congress Classification |
| Koha item type | Book |
| Materyal Türü | Kalıcı Konum | Mevcut Konum | Raf Yeri | Sınıflandırma Kaynağı | Edinim Bilgisi | Ana Konular | Alt Konular | Yer Numarası | Demirbaş Numarası | Fatura Tarihi | Geri Çekilme Durumu | Kayıp Durumu | Hasarlı Durumu | Kredi için değil | Kayıt Tarih | Toplam Ödünçverme | Son Görülme Tarihi | Son Kontrol Tarihi | Genel / Bağış Notu |
|---|---|---|---|---|---|---|---|---|---|---|---|---|---|---|---|---|---|---|---|
| Book | Prof. Dr. Azmi Özcan Kütüphanesi | Prof. Dr. Azmi Özcan Kütüphanesi | Uluğbey Salonu | Library of Congress Classification | Bağış | GÜZEL SANATLAR | Görsel Sanatlar | N7163 .Y55 1993 | 0072237 | 02/02/2026 | 17/10/2024 | 13/08/2025 | 13/08/2025 | Genel Bağış |
